[Event "Bad Woerishofen op 27th"]
[Site "Bad Woerishofen"]
[Date "2011.03.24"]
[Round "1"]
[White "Trebbin, Wolfhard"]
[Black "Bukal, Vladimir Jr"]
[Result "0-1"]
[WhiteElo "2024"]
[BlackElo "2402"]
[PlyCount "66"]
[EventDate "2011.03.24"]
[EventType "swiss"]
[EventRounds "9"]
[EventCountry "GER"]
[SourceTitle "EXT 2012"]
[Source "ChessBase"]
[SourceDate "2011.11.24"]
[SourceVersion "1"]
[SourceVersionDate "2011.11.24"]
[SourceQuality "1"]

1. d4 e6 2. Nf3 c5 3. c3 Nf6 4. Nbd2 Nc6 5. e3 b6 6. Bd3 Be7 7. 0-0 0-0 8. a3 d5 9. e4 dxe4 10. Nxe4 cxd4 11. Nxf6+ Bxf6 12. Be4 Bb7 13. cxd4 Na5 14. Bxb7 Nxb7 15. Bf4 Rc8 16. Qa4 Na5 17. Rac1 Qd5 18. Rxc8 Rxc8 19. Rc1 Rxc1+ 20. Bxc1 Nc6 21. h3 h6 22. Be3 a5 23. Ne5 b5 24. Qc2 Bxe5 25. dxe5 Nxe5 26. Qc8+ Kh7 27. Qc7 a4 28. Bf4 Nd3 29. Qxf7 Nxb2 30. g4 Nd3 31. Be3 Ne5 32. Qe8 Nf3+ 33. Kf1 Qd1+ 0-1

[Event "Prague Holiday M22"]
[Site "Prague"]
[Date "2010.07.26"]
[Round "3"]
[White "Pommrich, Rainer"]
[Black "Trebbin, Wolfhard"]
[Result "1/2-1/2"]
[WhiteElo "2031"]
[BlackElo "2028"]
[PlyCount "46"]
[EventDate "2010.07.25"]
[EventType "tourn"]
[EventRounds "9"]
[EventCountry "CZE"]
[SourceTitle "EXT 2023"]
[Source "ChessBase"]
[SourceDate "2022.10.05"]
[SourceVersion "1"]
[SourceVersionDate "2022.10.05"]
[SourceQuality "1"]

1. e4 c5 2. Nf3 e6 3. d4 cxd4 4. Nxd4 a6 5. Nc3 Qc7 6. Be2 Nf6 7. 0-0 Nc6 8. Be3 Be7 9. f4 d6 10. a4 Bd7 11. f5 Ne5 12. fxe6 fxe6 13. a5 Nc4 14. Bxc4 Qxc4 15. Qd3 Rc8 16. Nf3 0-0 17. e5 Nd5 18. Nxd5 exd5 19. Qxc4 Rxc4 20. exd6 Bxd6 21. c3 Re4 22. Rfe1 Rfe8 23. Bf2 Rxe1+ 1/2-1/2